[Event "Sherbrooke op"]
[Site "Sherbrooke CAN"]
[Date "1999.06.19"]
[Round "1"]
[White "Tisseur, Daniel"]
[Black "Auger, Bertrand"]
[Result "0-1"]
[WhiteElo "1927"]
[BlackElo "2109"]
[PlyCount "90"]
[GameId "2160767911743275"]
[EventDate "1999.06.19"]
[EventType "swiss"]
[EventRounds "4"]
[EventCountry "CAN"]

1. e4 e6 2. d4 d5 3. e5 b6 4. f4 Ne7 5. Nf3 Ba6 6. Bxa6 Nxa6 7. c4 Qd7 8. Qe2 Nb4 9. O-O dxc4 10. Qxc4 Nbd5 11. Nc3 Nxc3 12. bxc3 c5 13. Bb2 Nd5 14. Qe2 cxd4 15. cxd4 Be7 16. Qe4 O-O 17. Ng5 g6 18. Rf3 h6 19. Nh3 b5 20. Nf2 Rac8 21. Rg3 Kg7 22. Rh3 a5 23. Nd3 Rc4 24. g4 f5 25. gxf5 Rxf5 26. Qg2 Qe8 27. Rc1 Qf7 28. Rf3 a4 29. Rcf1 a3 30. Bc1 Rxd4 31. Kh1 h5 32. Qf2 Rc4 33. h4 b4 34. Rg1 Kh7 35. Qh2 Bd8 36. Rfg3 Bb6 37. Rf1 Qb7 38. Qg2 Rc2 39. Qe4 Qc7 40. Rg2 Qc4 41. Qf3 Rc3 42. Qg3 Ne7 43. Rf3 Rxd3 44. Rxd3 Qxc1+ 45. Kh2 Qxf4 0-1

[Event "Sherbrooke op"]
[Site "Sherbrooke CAN"]
[Date "1999.06.19"]
[Round "2"]
[White "Bolduc, Steve"]
[Black "Angers, Gilles"]
[Result "0-1"]
[WhiteElo "2210"]
[BlackElo "1986"]
[PlyCount "102"]
[GameId "2160767911743276"]
[EventDate "1999.06.19"]
[EventType "swiss"]
[EventRounds "4"]
[EventCountry "CAN"]
[SourceTitle "hb 2011"]

1. d4 Nf6 2. Nf3 g6 3. g3 Bg7 4. Bg2 O-O 5. O-O d6 6. c4 c6 7. Nc3 Qa5 8. d5 Qb4 9. Nd2 Bd7 10. Rb1 Rc8 11. a3 Qb6 12. b3 cxd5 13. Nxd5 Nxd5 14. cxd5 Na6 15. Be4 Nc5 16. Bc2 Bh3 17. Nc4 Qc7 18. Re1 Nd7 19. Bb2 Bxb2 20. Rxb2 Qc5 21. a4 Nf6 22. Ne3 Qb4 23. Bd3 Qd4 24. Rd2 Qe5 25. Bc4 a6 26. Rc2 Qh5 27. Qd4 Rab8 28. a5 Rc5 29. Ra2 Rbc8 30. Ra4 Bd7 31. Rb4 Bb5 32. Rb1 Qh3 33. f3 R8c7 34. Ng2 Qf5 35. e4 Qxf3 36. Rf1 Qg4 37. Ne3 Qg5 38. e5 dxe5 39. Qd3 e4 40. Qd4 Bxc4 41. bxc4 Rxa5 42. Rb2 Ng4 43. Nxg4 Qxg4 44. d6 Qd7 45. Rxf7 Kxf7 46. Rf2+ Kg8 47. dxc7 Qxc7 48. Qxe4 Ra1+ 49. Rf1 Qc5+ 50. Kg2 Rxf1 51. Kxf1 Qf5+ 0-1

[Event "Sherbrooke op"]
[Site "Sherbrooke CAN"]
[Date "1999.06.19"]
[Round "2"]
[White "Lacroix, Serge"]
[Black "St Amand, Paul Jr"]
[Result "1/2-1/2"]
[WhiteElo "1974"]
[BlackElo "2167"]
[PlyCount "88"]
[GameId "2160767911743277"]
[EventDate "1999.06.19"]
[EventType "swiss"]
[EventRounds "4"]
[EventCountry "CAN"]

1. e4 c5 2. Nf3 d6 3. d4 cxd4 4. Nxd4 Nf6 5. Nc3 a6 6. Bg5 e6 7. f4 Be7 8. Qf3 Qc7 9. O-O-O Nbd7 10. g4 O-O 11. Bg2 Rb8 12. Rhe1 Nc5 13. e5 dxe5 14. fxe5 Nd5 15. Bxe7 Nxe7 16. Nb3 Nxb3+ 17. axb3 b5 18. Rd6 Bb7 19. Qf2 Bxg2 20. Qxg2 b4 21. Ne4 Qa5 22. Kb1 Qxe5 23. Rxa6 Nd5 24. g5 Kh8 25. Qg3 Qxg3 26. Nxg3 Rb7 27. h4 Rc8 28. Ne4 Rbc7 29. Nd6 Rd8 30. h5 Rcd7 31. Ne4 Nf4 32. h6 Kg8 33. Rb6 Rd4 34. Rb7 Ng2 35. c3 bxc3 36. bxc3 Nxe1 37. cxd4 Nf3 38. Kb2 Nxd4 39. b4 Nf5 40. b5 gxh6 41. gxh6 Nxh6 42. b6 Rd4 43. Nf6+ Kg7 44. Kc3 Rd8 1/2-1/2

[Event "Sherbrooke op"]
[Site "Sherbrooke CAN"]
[Date "1999.06.20"]
[Round "3"]
[White "Bolduc, Steve"]
[Black "Lacroix, Serge"]
[Result "1-0"]
[WhiteElo "2210"]
[BlackElo "1974"]
[PlyCount "77"]
[GameId "2160767911743278"]
[EventDate "1999.06.19"]
[EventType "swiss"]
[EventRounds "4"]
[EventCountry "CAN"]
[SourceTitle "Lacroix"]

1. d4 Nf6 2. Nf3 e6 3. c4 Bb4+ 4. Nc3 Ne4 5. Qb3 Qe7 6. Bf4 Bxc3+ 7. bxc3 d6 8. Nd2 Nxd2 9. Bxd2 O-O 10. g3 c5 11. d5 e5 12. h4 f5 13. Bh3 Nd7 14. O-O-O Nb6 15. e4 fxe4 16. Bxc8 Raxc8 17. Be3 Qd7 18. h5 Qg4 19. Rh4 Qe2 20. Qc2 Qxc2+ 21. Kxc2 Nxc4 22. Rxe4 Nxe3+ 23. fxe3 Rf3 24. Rb1 b6 25. g4 Rcf8 26. a4 Rf2+ 27. Kb3 Rd2 28. Kc4 Rff2 29. Kb5 Rxd5 30. Kc6 Rd3 31. a5 Ra2 32. axb6 Ra6 33. Ra4 Rxb6+ 34. Rxb6 axb6 35. g5 Rxe3 36. Kxd6 Rxc3 37. Ke7 g6 38. Ra8+ Kg7 39. h6# 1-0

[Event "Sherbrooke op"]
[Site "Sherbrooke CAN"]
[Date "1999.06.20"]
[Round "3"]
[White "Roussel-Roozmon, Thomas"]
[Black "Auger, Bertrand"]
[Result "1-0"]
[WhiteElo "1812"]
[BlackElo "2109"]
[PlyCount "57"]
[GameId "2160767911743279"]
[EventDate "1999.06.19"]
[EventType "swiss"]
[EventRounds "4"]
[EventCountry "CAN"]

1. d4 e6 2. c4 Nf6 3. Nc3 Bb4 4. Nf3 b6 5. Bf4 O-O 6. e3 d6 7. Bd3 Bb7 8. O-O Bxc3 9. bxc3 Nbd7 10. Qc2 Re8 11. Nd2 e5 12. Bg5 h6 13. Bh4 g5 14. Bg3 e4 15. Be2 Nh7 16. Bg4 Qe7 17. Rfb1 c5 18. a4 Ndf6 19. Bf5 Bc8 20. Bxc8 Raxc8 21. a5 Nh5 22. axb6 axb6 23. Rxb6 Nxg3 24. hxg3 Nf6 25. Raa6 cxd4 26. cxd4 Nd5 27. Rb3 f5 28. Qa2 Nf6 29. Rbb6 1-0

[Event "Sherbrooke op"]
[Site "Sherbrooke CAN"]
[Date "1999.06.20"]
[Round "4"]
[White "Marineau, Remi"]
[Black "Bolduc, Steve"]
[Result "1-0"]
[WhiteElo "2000"]
[BlackElo "2210"]
[PlyCount "38"]
[GameId "2160767911743280"]
[EventDate "1999.06.19"]
[EventType "swiss"]
[EventRounds "4"]
[EventCountry "CAN"]
[SourceTitle "hb 2011"]

1. e4 e6 2. d4 d5 3. Nc3 Bb4 4. exd5 exd5 5. Bd3 c5 6. a3 Ba5 7. Nf3 Nc6 8. O-O c4 9. Re1+ Nge7 10. Bf1 Bg4 11. g3 Bxf3 12. Qxf3 Nxd4 13. Qg4 Ne6 14. Bg5 d4 15. Bxc4 dxc3 16. Rxe6 cxb2 17. Rxe7+ Qxe7 18. Bb5+ Kf8 19. Bxe7+ Kxe7 1-0

[Event "Sherbrooke op"]
[Site "Sherbrooke CAN"]
[Date "1999.06.20"]
[Round "4"]
[White "Masse, Hugues"]
[Black "Auger, Bertrand"]
[Result "1-0"]
[WhiteElo "1756"]
[BlackElo "2109"]
[PlyCount "67"]
[GameId "2160767911743281"]
[EventDate "1999.06.19"]
[EventType "swiss"]
[EventRounds "4"]
[EventCountry "CAN"]

1. d4 e6 2. c4 Nf6 3. Nc3 Bb4 4. e3 O-O 5. Bd3 d5 6. Nf3 b6 7. cxd5 exd5 8. Qc2 Re8 9. O-O Bb7 10. Bd2 Nbd7 11. a3 Bf8 12. b4 c5 13. bxc5 bxc5 14. dxc5 Rc8 15. Rab1 Ba8 16. Be2 Bxc5 17. Qa2 Qe7 18. Nb5 Ne4 19. Bb4 Bxb4 20. Rxb4 Nc3 21. Qb2 a5 22. Rb3 Ne4 23. a4 Ndc5 24. Ra3 Na6 25. Rc1 Nb4 26. Bf1 Bb7 27. Rxc8 Rxc8 28. Nfd4 Qf6 29. f3 Rc2 30. Qa1 Nd2 31. Nxc2 Nxf3+ 32. gxf3 Qg6+ 33. Kh1 Nxc2 34. Qe5 1-0

[Event "Silver Star Challenge"]
[Site "Vernon CAN"]
[Date "1999.11.14"]
[Round "4"]
[White "Stockhausen, Peter"]
[Black "Kindret, Mike"]
[Result "1-0"]
[WhiteElo "1700"]
[BlackElo "1853"]
[PlyCount "33"]
[GameId "2160767911741850"]
[EventDate "1999.11.13"]
[EventType "swiss"]
[EventRounds "5"]
[EventCountry "CAN"]
[SourceTitle "CFC 2001.04"]
[Source "CFC"]
[SourceDate "2001.04.??"]
[SourceVersionDate "2001.04.??"]
[SourceQuality "1"]

1. e4 e5 2. f4 exf4 3. Nf3 g5 4. Bc4 Nf6 5. e5 Ng4 6. O-O Bc5+ 7. d4 Bb6 8. Kh1 O-O 9. Nc3 c6 10. Ne4 h6 11. h3 Ne3 12. Bxe3 fxe3 13. Nf6+ Kg7 14. Nxg5 hxg5 15. Qh5 Rh8 16. Qxf7+ Kh6 17. Ng4# 1-0

[Event "Skeel mem"]
[Site "Edmonton CAN"]
[Date "1999.06.03"]
[Round "1"]
[White "Nystrom, Kurtis"]
[Black "Kazakevich, Anastasia"]
[Result "1-0"]
[WhiteElo "1731"]
[BlackElo "1519"]
[PlyCount "57"]
[GameId "2160767911743375"]
[EventDate "1999.06.03"]
[EventType "swiss"]
[EventRounds "4"]
[EventCountry "CAN"]
[SourceTitle "Albertabase"]
[SourceDate "2003.08.17"]
[SourceVersion "1"]
[SourceVersionDate "2003.08.17"]
[SourceQuality "1"]

1. e4 d5 2. exd5 Qxd5 3. d4 Nf6 4. c4 Qd8 5. Nf3 Bg4 6. Be2 h6 7. Nc3 e6 8. O-O c5 9. Be3 Nbd7 10. Qa4 Qb6 11. Qb5 Rc8 12. Qxb6 Nxb6 13. b3 a6 14. h3 Bf5 15. Rfd1 Be7 16. Ne5 O-O 17. Bf3 Rc7 18. Rd2 Rd8 19. Rad1 Ne8 20. Bf4 Bd6 21. Be3 Bxe5 22. dxe5 Rxd2 23. Rxd2 Nc8 24. Be4 Bxe4 25. Nxe4 b6 26. Rd8 Kf8 27. Nd6 Ncxd6 28. exd6 Rb7 29. d7 1-0

[Event "Skeel mem"]
[Site "Edmonton CAN"]
[Date "1999.06.10"]
[Round "2"]
[White "Devies, Robert"]
[Black "Kazakevich, Anastasia"]
[Result "1-0"]
[WhiteElo "1637"]
[BlackElo "1519"]
[PlyCount "57"]
[GameId "2160767911743376"]
[EventDate "1999.06.03"]
[EventType "swiss"]
[EventRounds "4"]
[EventCountry "CAN"]
[SourceTitle "Albertabase"]
[SourceDate "2003.08.17"]
[SourceVersion "1"]
[SourceVersionDate "2003.08.17"]
[SourceQuality "1"]

1. g3 d5 2. Nf3 Nc6 3. Bg2 e5 4. O-O Nf6 5. d3 Bc5 6. c4 dxc4 7. dxc4 O-O 8. a3 a5 9. Nc3 h6 10. Qc2 Qe7 11. Nd5 Nxd5 12. cxd5 Nd4 13. Nxd4 Bxd4 14. a4 Rd8 15. Bd2 Rd6 16. Bc3 Bxc3 17. bxc3 Bd7 18. c4 c6 19. c5 Rf6 20. d6 Qe8 21. Rab1 Rb8 22. Rfd1 b6 23. Qb2 b5 24. axb5 Rxb5 25. Qc2 Qb8 26. Rxb5 Qxb5 27. Rb1 Qa6 28. Rb8+ Bc8 29. d7 1-0

[Event "Skeel mem"]
[Site "Edmonton CAN"]
[Date "1999.06.17"]
[Round "3"]
[White "Kazakevich, Anastasia"]
[Black "Buitendyk, Theo"]
[Result "1-0"]
[WhiteElo "1519"]
[BlackElo "1479"]
[PlyCount "65"]
[GameId "2160767911743377"]
[EventDate "1999.06.03"]
[EventType "swiss"]
[EventRounds "4"]
[EventCountry "CAN"]
[SourceTitle "Albertabase"]
[SourceDate "2003.08.17"]
[SourceVersion "1"]
[SourceVersionDate "2003.08.17"]
[SourceQuality "1"]

1. d4 Nf6 2. c4 e6 3. Nf3 Be7 4. Nc3 b6 5. e3 Bb7 6. Bd3 O-O 7. O-O c5 8. b3 d5 9. Bb2 Qc7 10. cxd5 Nxd5 11. Nxd5 Bxd5 12. dxc5 Bxc5 13. Rc1 Qb7 14. Be2 Nc6 15. Qc2 Nb4 16. Qc3 f6 17. Ra1 Rac8 18. a3 Bd6 19. Qd2 Nc2 20. Rac1 Nxa3 21. e4 g5 22. exd5 Bf4 23. Qd3 Bxc1 24. Rxc1 Rcd8 25. d6 e5 26. Bxa3 e4 27. Qc4+ Kg7 28. Nd4 Kh8 29. Ne6 Rc8 30. Qd4 Rf7 31. Rxc8+ Qxc8 32. Qxe4 Qa6 33. Bxa6 1-0

[Event "Southern Alberta op"]
[Site "Calgary CAN"]
[Date "1999.11.12"]
[Round "1"]
[White "Ottosen, David"]
[Black "Lapides, Andrew"]
[Result "1-0"]
[WhiteElo "2210"]
[BlackElo "1710"]
[PlyCount "85"]
[GameId "2160767911741898"]
[EventDate "1999.11.12"]
[EventType "swiss"]
[EventRounds "5"]
[EventCountry "CAN"]

1. e4 e6 2. d4 d5 3. Nc3 Bb4 4. e5 Ne7 5. a3 Bxc3+ 6. bxc3 c5 7. Qg4 Nbc6 8. Qxg7 Rg8 9. Qxh7 Qc7 10. Qd3 c4 11. Qh7 Bd7 12. Ne2 O-O-O 13. Qh5 Rdf8 14. Bf4 Ng6 15. Bc1 f6 16. f4 Be8 17. Qh3 Bd7 18. Qe3 Nh4 19. g3 Nf5 20. Qd2 fxe5 21. fxe5 Rf7 22. Nf4 Rh7 23. Bg2 Nce7 24. Qf2 Rgh8 25. Bf3 Qd8 26. h4 Qg8 27. Ne2 Be8 28. Bg5 Ba4 29. Kd2 Nc6 30. g4 Nfe7 31. Bf6 Qg6 32. Rac1 Rf8 33. h5 Qg8 34. g5 Rhf7 35. Rcg1 b6 36. Nf4 Rxf6 37. gxf6 Qh7 38. Kc1 Nf5 39. Nxe6 Re8 40. Bxd5 Ne3 41. Rg7 Qf5 42. Qxf5 Nxf5 43. Rc7+ 1-0

[Event "Southern Alberta op"]
[Site "Calgary CAN"]
[Date "1999.11.13"]
[Round "2"]
[White "Weis, Rod"]
[Black "Ottosen, David"]
[Result "0-1"]
[WhiteElo "1930"]
[BlackElo "2210"]
[PlyCount "54"]
[GameId "2160767911741899"]
[EventDate "1999.11.12"]
[EventType "swiss"]
[EventRounds "5"]
[EventCountry "CAN"]

1. d4 Nf6 2. c4 c5 3. d5 b5 4. cxb5 a6 5. f3 g6 6. e4 d6 7. Nc3 Bg7 8. bxa6 O-O 9. Qc2 Nxa6 10. Bxa6 Bxa6 11. Nge2 e6 12. dxe6 fxe6 13. e5 dxe5 14. Be3 e4 15. Rd1 Qa5 16. O-O exf3 17. Rxf3 Ng4 18. Rxf8+ Rxf8 19. Qe4 Bxe2 20. Qxe6+ Kh8 21. Nxe2 Nxe3 22. Qxe3 Bxb2 23. Qh6 Re8 24. g3 Qxa2 25. Nf4 Bd4+ 26. Kh1 Qa8+ 27. Ng2 Re2 0-1

[Event "Southern Alberta op"]
[Site "Calgary CAN"]
[Date "1999.11.13"]
[Round "3"]
[White "Ottosen, David"]
[Black "Odachowski, Arthur"]
[Result "1-0"]
[WhiteElo "2210"]
[BlackElo "2280"]
[PlyCount "83"]
[GameId "2160767911741900"]
[EventDate "1999.11.12"]
[EventType "swiss"]
[EventRounds "5"]
[EventCountry "CAN"]

1. e4 c5 2. Nf3 d6 3. Bb5+ Nd7 4. O-O Ngf6 5. d4 cxd4 6. Qxd4 a6 7. Bxd7+ Bxd7 8. Bg5 e6 9. Bxf6 gxf6 10. c4 Rc8 11. a4 Be7 12. Nc3 Qa5 13. b3 O-O 14. Rfb1 Qc5 15. Qd3 Kh8 16. Nd2 a5 17. Re1 Rg8 18. Re3 Rg6 19. Rd1 Rcg8 20. g3 Qh5 21. Nf1 Rd8 22. Ne2 Rgg8 23. Nf4 Qe5 24. Nd5 Bf8 25. f4 Qb2 26. Re2 Qxe2 27. Qxe2 exd5 28. Rxd5 Bh6 29. Kf2 Bc6 30. Rxa5 Rge8 31. Nd2 Bg7 32. Qd3 Re6 33. b4 Rde8 34. Kf3 b6 35. Rh5 Bxa4 36. Rd5 Bf8 37. b5 Bd1+ 38. Kf2 Bg4 39. Qd4 Rb8 40. h3 Bxh3 41. Kf3 Be7 42. Rh5 1-0

[Event "Southern Alberta op"]
[Site "Calgary CAN"]
[Date "1999.11.14"]
[Round "4"]
[White "Ottosen, David"]
[Black "Gardner, Robert"]
[Result "1/2-1/2"]
[WhiteElo "2210"]
[BlackElo "2300"]
[PlyCount "120"]
[GameId "2160767911741901"]
[EventDate "1999.11.12"]
[EventType "swiss"]
[EventRounds "5"]
[EventCountry "CAN"]

1. e4 b6 2. Nc3 Bb7 3. f4 e6 4. Nf3 d5 5. d3 Bb4 6. Bd2 dxe4 7. Nxe4 Bxd2+ 8. Qxd2 Nf6 9. Nxf6+ Qxf6 10. Ne5 g5 11. Qc3 gxf4 12. Qxc7 Qh4+ 13. g3 Qe7 14. Qxe7+ Kxe7 15. Rg1 f6 16. gxf4 fxe5 17. Rg7+ Kf6 18. Rxb7 exf4 19. Bg2 Na6 20. Rd7 Rac8 21. Kd2 Rc7 22. Rd4 e5 23. Rd6+ Ke7 24. Rh6 Rg8 25. Rxh7+ Kf6 26. Rh6+ Rg6 27. Rxg6+ Kxg6 28. Rg1 Kf6 29. Be4 Nc5 30. Rg6+ Kf7 31. Bf5 Kf8 32. b4 Rf7 33. Rg5 Na6 34. a3 Nc7 35. Ke2 Ke7 36. Be4 Kf6 37. h4 Ne6 38. Rg6+ Ke7 39. c3 Rg7 40. Rxg7+ Nxg7 41. Kf3 Kf6 42. Kg4 Ne8 43. h5 Nd6 44. c4 Nf7 45. c5 bxc5 46. bxc5 Ke6 47. Bf3 Kf6 48. Be4 Ke6 49. Bb7 Nd8 50. c6 Kd6 51. c7 Kxc7 52. Bd5 Kd6 53. Bc4 Ke7 54. h6 Kf6 55. Bd5 Nf7 56. Bxf7 Kxf7 57. d4 exd4 58. Kxf4 Kg6 59. Ke4 Kxh6 60. Kxd4 Kg6 1/2-1/2

[Event "Southern Alberta op"]
[Site "Calgary CAN"]
[Date "1999.11.14"]
[Round "5"]
[White "Lapides, Andrew"]
[Black "Ottosen, David"]
[Result "1-0"]
[WhiteElo "2260"]
[BlackElo "2210"]
[PlyCount "49"]
[GameId "2160767911741902"]
[EventDate "1999.11.12"]
[EventType "swiss"]
[EventRounds "5"]
[EventCountry "CAN"]

1. e4 c5 2. Nc3 Nc6 3. g3 g6 4. Bg2 Bg7 5. d3 Rb8 6. Be3 d6 7. Qd2 b5 8. Nge2 b4 9. Nd1 e6 10. O-O Nge7 11. Bh6 O-O 12. Bxg7 Kxg7 13. Ne3 Qb6 14. Kh1 h5 15. f4 Rh8 16. f5 exf5 17. exf5 Nxf5 18. Nxf5+ Bxf5 19. Rxf5 gxf5 20. Qg5+ Kf8 21. Qf6 Rg8 22. Bd5 Rg7 23. Nf4 Nd8 24. Re1 Rh7 25. Ng6+ 1-0

[Event "Specialiste op"]
[Site "Montreal CAN"]
[Date "1999.01.22"]
[Round "1"]
[White "Lacroix, Serge"]
[Black "Masse, Hugues"]
[Result "1/2-1/2"]
[WhiteElo "1928"]
[BlackElo "1619"]
[PlyCount "141"]
[GameId "2160767911805720"]
[EventDate "1999.01.22"]
[EventType "swiss"]
[EventRounds "5"]
[EventCountry "CAN"]
[SourceTitle "Lacroix"]

1. e4 c5 2. Nf3 d6 3. d4 cxd4 4. Nxd4 Nf6 5. Nc3 g6 6. Be3 Bg7 7. f3 Nc6 8. Qd2 O-O 9. Bc4 Bd7 10. O-O-O Rc8 11. Bb3 Ne5 12. h4 Nc4 13. Bxc4 Rxc4 14. Kb1 h5 15. Nde2 Re8 16. Bg5 b5 17. e5 b4 18. exf6 exf6 19. Qxd6 bxc3 20. Nxc3 fxg5 21. Qxd7 Qb8 22. Nb5 a6 23. Rhe1 Rxe1 24. Rxe1 Qxb5 25. Re8+ Kh7 26. Qxb5 axb5 27. hxg5 Rc5 28. f4 Rc4 29. g3 Rb4 30. b3 h4 31. gxh4 Rxf4 32. c4 bxc4 33. b4 c3 34. a3 Rxh4 35. b5 Rc4 36. Kc2 Bd4 37. Re4 Rc5 38. Rxd4 Rxb5 39. Rg4 Ra5 40. Kxc3 Rxa3+ 41. Kd2 Kg7 42. Ke2 Ra2+ 43. Kf3 Ra3+ 44. Kf2 Kf8 45. Re4 Ra5 46. Rg4 Ke7 47. Kg3 Ra3+ 48. Kh4 Ke6 49. Re4+ Kf5 50. Re7 Ra4+ 51. Kh3 Kxg5 52. Rxf7 Ra3+ 53. Kg2 Kg4 54. Rf2 Rg3+ 55. Kh2 g5 56. Ra2 Rf3 57. Kg2 Rb3 58. Ra4+ Kh5 59. Ra5 Kh4 60. Ra4+ g4 61. Ra2 Re3 62. Rb2 Rg3+ 63. Kh2 Rf3 64. Kg2 Ra3 65. Rc2 Ra4 66. Rb2 g3 67. Rc2 Kg4 68. Rb2 Kf4 69. Rc2 Ra3 70. Rc4+ Kf5 71. Rc5+ 1/2-1/2

[Event "Specialiste op"]
[Site "Montreal CAN"]
[Date "1999.01.23"]
[Round "2"]
[White "Boulay, David"]
[Black "Schleifer, Michael"]
[Result "1-0"]
[WhiteElo "2030"]
[BlackElo "2417"]
[PlyCount "109"]
[GameId "2160767911805721"]
[EventDate "1999.01.22"]
[EventType "swiss"]
[EventRounds "5"]
[EventCountry "CAN"]

1. e4 e6 2. d4 c5 3. Nf3 cxd4 4. Nxd4 a6 5. Nc3 Qc7 6. Bd3 Nc6 7. Nb3 Nf6 8. f4 d6 9. Be3 Be7 10. Qf3 Bd7 11. O-O-O Nb4 12. Kb1 h5 13. Rhe1 O-O-O 14. h3 h4 15. Qf2 Rde8 16. Bb6 Qb8 17. a3 Nxd3 18. Rxd3 Bc6 19. a4 Nd7 20. a5 Reg8 21. Nd5 exd5 22. exd5 Bf6 23. dxc6 bxc6 24. Red1 d5 25. Bd4 Bd8 26. Rc3 Rh6 27. Ba7 Qc7 28. Rxd5 cxd5 29. Rxc7+ Bxc7 30. Qd4 Rd6 31. Qc3 g6 32. Bf2 Rf6 33. Bxh4 Rxf4 34. Bg3 Rc4 35. Qd3 Bxg3 36. Qxg3 Rd8 37. Qd6 Nb8 38. Qf6 Rc7 39. g4 Re8 40. h4 Re1+ 41. Nc1 Rh1 42. h5 gxh5 43. Qf5+ Rd7 44. gxh5 Nc6 45. Qf6 Nb8 46. Qf3 Rh4 47. Nd3 Nc6 48. Qf6 Rh1+ 49. Ka2 Rc7 50. h6 Kb8 51. c3 d4 52. cxd4 Rh3 53. d5 Nxa5 54. d6 Rc6 55. d7 1-0

[Event "Specialiste op"]
[Site "Montreal CAN"]
[Date "1999.01.23"]
[Round "2"]
[White "Fillion, Steve"]
[Black "Papineau (Granby), Daniel"]
[Result "1-0"]
[WhiteElo "2187"]
[BlackElo "1799"]
[PlyCount "75"]
[GameId "2160767911805723"]
[EventDate "1999.01.22"]
[EventType "swiss"]
[EventRounds "5"]
[EventCountry "CAN"]

1. d4 Nf6 2. Nf3 e6 3. c4 Bb4+ 4. Nbd2 b6 5. e3 Bb7 6. Bd3 O-O 7. O-O c5 8. a3 Bxd2 9. Bxd2 d6 10. b4 Nbd7 11. Bc3 Re8 12. Nd2 Rc8 13. Qb3 cxd4 14. exd4 e5 15. Bf5 Rc7 16. d5 b5 17. cxb5 Bxd5 18. Qb2 Nb6 19. a4 Be6 20. Bxe6 Rxe6 21. Qb3 d5 22. a5 Nc4 23. Nxc4 Rxc4 24. Rfe1 Ne4 25. Bb2 Qh4 26. Qe3 Rxb4 27. Qxa7 h6 28. Bxe5 Rxe5 29. Qb8+ Kh7 30. Qxe5 Qxf2+ 31. Kh1 Rb2 32. Rg1 Qe2 33. Qf5+ Kg8 34. Qc8+ Kh7 35. Qf5+ Kh8 36. a6 Nf2+ 37. Qxf2 Qxf2 38. a7 1-0

[Event "Specialiste op"]
[Site "Montreal CAN"]
[Date "1999.01.23"]
[Round "2"]
[White "Khaziyeva, Dinara"]
[Black "Lacroix, Serge"]
[Result "1-0"]
[WhiteElo "1686"]
[BlackElo "1928"]
[PlyCount "130"]
[GameId "2160767911805724"]
[EventDate "1999.01.22"]
[EventType "swiss"]
[EventRounds "5"]
[EventCountry "CAN"]
[SourceTitle "Lacroix"]

1. e4 e5 2. Nf3 Nc6 3. Bb5 a6 4. Bxc6 dxc6 5. d4 exd4 6. Qxd4 Qxd4 7. Nxd4 c5 8. Ne2 Bd7 9. Be3 f5 10. e5 b6 11. Nd2 Ne7 12. Nc3 Bc6 13. Rg1 h6 14. f4 Nd5 15. Nxd5 Bxd5 16. O-O-O O-O-O 17. g3 Be7 18. Rge1 g5 19. Bf2 g4 20. c4 Bc6 21. Nb1 Bf3 22. Rxd8+ Rxd8 23. Nd2 Bc6 24. Rd1 h5 25. Nf1 Rxd1+ 26. Kxd1 Be4 27. Ne3 c6 28. Be1 Kd7 29. Bc3 b5 30. b3 Ke6 31. Be1 Kf7 32. Kd2 Kg6 33. Bf2 h4 34. Nd1 hxg3 35. hxg3 Kf7 36. a4 bxa4 37. bxa4 a5 38. Nc3 Bg2 39. Na2 Bf3 40. Nc1 Bg2 41. Kc3 Be4 42. Nb3 Bd8 43. Bxc5 Bf3 44. Nd4 Be4 45. Bd6 Bb6 46. c5 Bd8 47. Kc4 Ke8 48. Kc3 Kd7 49. Kb2 Ke8 50. Kc3 Kd7 51. Nb3 Ke6 52. Nd2 Bd5 53. Nf1 Bf3 54. Ne3 Be2 55. Kd4 Bf3 56. Bb8 Be4 57. Ba7 Kd7 58. Bb6 Bb1 59. Bxd8 Kxd8 60. e6 Ba2 61. Ke5 Bb3 62. Kf6 Bxa4 63. Nxf5 Bc2 64. e7+ Kd7 65. Kf7 Bb3+ 1-0

[Event "Specialiste op"]
[Site "Montreal CAN"]
[Date "1999.01.23"]
[Round "2"]
[White "Voskanyan, Vahagn"]
[Black "Pickens, Zim"]
[Result "1-0"]
[WhiteElo "2378"]
[BlackElo "1972"]
[PlyCount "51"]
[GameId "2160767911805725"]
[EventDate "1999.01.22"]
[EventType "swiss"]
[EventRounds "5"]
[EventCountry "CAN"]

1. Nf3 g6 2. e4 Bg7 3. d4 d6 4. Nc3 Nf6 5. Be2 O-O 6. Bg5 Na6 7. Qd2 c5 8. d5 Qa5 9. O-O Bg4 10. Rfe1 Rab8 11. a3 Rfc8 12. e5 dxe5 13. Nxe5 Bxe2 14. Qxe2 Nc7 15. Nxf7 Re8 16. Nh6+ Kh8 17. Qf3 Qa6 18. d6 Na8 19. dxe7 Nc7 20. Rad1 b5 21. Nf7+ Kg8 22. Nd6 b4 23. Bxf6 bxc3 24. Bxg7 Kxg7 25. Qf7+ Kh6 26. Qf6 1-0

[Event "Specialiste op"]
[Site "Montreal CAN"]
[Date "1999.01.23"]
[Round "3"]
[White "Boulay, David"]
[Black "Voskanyan, Vahagn"]
[Result "0-1"]
[WhiteElo "2030"]
[BlackElo "2378"]
[PlyCount "80"]
[GameId "2160767911805726"]
[EventDate "1999.01.22"]
[EventType "swiss"]
[EventRounds "5"]
[EventCountry "CAN"]

1. e4 c6 2. d4 d5 3. exd5 cxd5 4. c4 Nf6 5. Nc3 g6 6. Nf3 Bg7 7. Be3 Nc6 8. Be2 O-O 9. O-O Bf5 10. a3 dxc4 11. Bxc4 Rc8 12. h3 Ne4 13. Ba2 Nxc3 14. bxc3 Na5 15. Rc1 b6 16. c4 Be4 17. Ne5 Bxe5 18. dxe5 Bd3 19. Re1 Bxc4 20. Bxc4 Nxc4 21. Bg5 Qxd1 22. Rcxd1 Rc7 23. Rd3 Kg7 24. Bf4 Rb7 25. Red1 e6 26. Re1 h6 27. h4 b5 28. Re4 Nb6 29. Be3 Nd5 30. Bc5 Rc8 31. Bd6 Rc4 32. f3 a5 33. Kf2 Rc2+ 34. Kg3 Rc3 35. Rxc3 Nxc3 36. Re3 b4 37. axb4 axb4 38. Rd3 b3 39. Ba3 b2 40. Bxb2 Ne2+ 0-1

[Event "Specialiste op"]
[Site "Montreal CAN"]
[Date "1999.01.23"]
[Round "3"]
[White "Fillion, Steve"]
[Black "Mikanovic, Goran"]
[Result "1/2-1/2"]
[WhiteElo "2187"]
[BlackElo "2378"]
[PlyCount "47"]
[GameId "2160767911805728"]
[EventDate "1999.01.22"]
[EventType "swiss"]
[EventRounds "5"]
[EventCountry "CAN"]

1. d4 Nf6 2. Nf3 e6 3. c4 b6 4. a3 Bb7 5. Nc3 d5 6. Bg5 Be7 7. e3 O-O 8. Bd3 Nbd7 9. O-O h6 10. Bh4 c5 11. Qe2 Ne4 12. Bg3 Ndf6 13. Rac1 Nxg3 14. hxg3 dxc4 15. Bxc4 Bxf3 16. gxf3 cxd4 17. Rfd1 dxc3 18. Rxd8 Rfxd8 19. Rxc3 Rac8 20. e4 a5 21. Rd3 Rxd3 22. Qxd3 Rd8 23. Qc2 Bc5 24. Kg2 1/2-1/2

[Event "Specialiste op"]
[Site "Montreal CAN"]
[Date "1999.01.23"]
[Round "3"]
[White "Hebert, Jean"]
[Black "Rouleau, Paul"]
[Result "1-0"]
[WhiteElo "2482"]
[BlackElo "2001"]
[PlyCount "81"]
[GameId "2160767911805729"]
[EventDate "1999.01.22"]
[EventType "swiss"]
[EventRounds "5"]
[EventCountry "CAN"]

1. d4 Nf6 2. c4 e6 3. Nc3 Bb4 4. Nf3 c5 5. g3 O-O 6. Bg2 d6 7. O-O Nc6 8. Qd3 cxd4 9. Nxd4 Ne5 10. Qc2 Nxc4 11. e4 e5 12. Nf5 Bxc3 13. Qxc3 Be6 14. b3 Nb6 15. Ba3 Bxf5 16. exf5 Qd7 17. Rad1 Rfc8 18. Qb2 d5 19. Qxe5 Re8 20. Qf4 Re2 21. g4 Rae8 22. Bc5 Ne4 23. Bxb6 axb6 24. Bf3 Nc3 25. Rd3 Rc2 26. f6 gxf6 27. Qxf6 Re6 28. Qf5 d4 29. Rxd4 Qxd4 30. Qxc2 Rh6 31. Rc1 Nd5 32. Rd1 Qc3 33. Qxc3 Nxc3 34. Rd8+ Kg7 35. a4 Re6 36. Rd7 Re1+ 37. Kg2 Rb1 38. Rxb7 Rxb3 39. a5 Ra3 40. axb6 Rb3 41. Rc7 1-0